20 consejos para comunicarse con su pareja (Record no. 26694)

MARC details
000 -LEADER
campo de control de longitud fija 01358cac a2200325 a 4500
003 - IDENTIFICADOR DE NÚMERO DE CONTROL
campo de control Co-PeBPM
005 - FECHA Y HORA DE LA ÚLTIMA TRANSACCIÓN
campo de control 20260407203252.0
007 - CAMPO FIJO DE DESCRIPCIÓN FÍSICA--INFORMACIÓN GENERAL
campo de control de longitud fija ta
008 - DATOS DE LONGITUD FIJA--INFORMACIÓN GENERAL
campo de control de longitud fija 240327s2004 ck |||| |||| 00| 0 spa d
020 ## - NÚMERO INTERNACIONAL ESTÁNDAR DEL LIBRO
Número Internacional Estándar del Libro 9580434255
020 ## - NÚMERO INTERNACIONAL ESTÁNDAR DEL LIBRO
Número Internacional Estándar del Libro 9580478481
040 ## - FUENTE DE CATALOGACIÓN
Centro catalogador/agencia de origen Co-PeBPM
Lengua de catalogación spa
Centro/agencia transcriptor Co-PeBPM
Normas de descripción rda
041 ## - CÓDIGO DE IDIOMA
Código de lengua del texto/banda sonora o título independiente spa
082 04 - NÚMERO DE LA CLASIFICACIÓN DECIMAL DEWEY
Número de clasificación 158 B261v
Número de edición 22
100 1# - ENTRADA PRINCIPAL--NOMBRE DE PERSONA
Nombre de persona Barnett, Doyle
Término indicativo de función/relación autor
245 10 - MENCIÓN DEL TÍTULO
Título 20 consejos para comunicarse con su pareja
Mención de responsabilidad, etc. / Doyle Barnett; traducción María Mercedes Correa
250 ## - MENCION DE EDICION
Mención de edición Tercera reimpresion
260 ## - PUBLICACIÓN, DISTRIBUCIÓN, ETC.
Lugar de publicación, distribución, etc. Barcelona, España
Nombre del editor, distribuidor, etc. : Grupo Editorial Norma
Fecha de publicación, distribución, etc. , 2004
300 ## - DESCRIPCIÓN FÍSICA
Extensión 100 páginas
Dimensiones 18 centímetros
500 ## - NOTA GENERAL
Nota general Incluye índice
520 ## - RESUMEN, ETC.
Sumario, etc. La alegría de estar en pareja surge del hecho de poder celebrar nuestras diferencias, y la comunicación es el instrumento clave para comprenderlas y celebrarlas. Esta breve guía presenta veinte consejos básicos que le ayudarán a mejorar la comunicación con su pareja y enriquecerán rápidamente su relación.
546 ## - NOTA DE IDIOMA
Nota de lengua/lenguaje spa
650 17 - PUNTO DE ACCESO ADICIONAL DE MATERIA--TÉRMINO DE MATERIA
Término de materia o nombre geográfico como elemento de entrada Relaciones de pareja
Fuente del encabezamiento o término Lemb
650 17 - PUNTO DE ACCESO ADICIONAL DE MATERIA--TÉRMINO DE MATERIA
Término de materia o nombre geográfico como elemento de entrada Comunicación - Aspectos psicológicos
Fuente del encabezamiento o término Lemb
650 17 - PUNTO DE ACCESO ADICIONAL DE MATERIA--TÉRMINO DE MATERIA
Término de materia o nombre geográfico como elemento de entrada Psicología aplicada
Fuente del encabezamiento o término Lemb
700 ## - ENTRADA AGREGADA--NOMBRE PERSONAL
Nombre de persona Correa, María Mercedes
Término indicativo de función/relación traducción
765 ## - ENLACE A LA LENGUA/LENGUAJE ORIGINAL
Encabezamiento principal 20 communication tips for couples
942 ## - ELEMENTOS DE ENTRADA SECUNDARIOS (KOHA)
Fuente del sistema de clasificación o colocación Clasificación Decimal Dewey
Tipo de ítem Koha Libros
Suprimir en OPAC No
Holdings
Estatus retirado Estado de pérdida Fuente del sistema de clasificación o colocación Estado de daño No para préstamo Biblioteca de origen Biblioteca actual Fecha de adquisición Total de préstamos Signatura topográfica completa Código de barras Visto por última vez Fecha del último préstamo Copia número Precio de reemplazo Tipo de ítem Koha Colección Ubicación en estantería Fuente de adquisición
    Clasificación Decimal Dewey     BIBLIOTECA PÚBLICA MUNICIPAL RAMON CORREA MEJIA BIBLIOTECA PÚBLICA MUNICIPAL RAMON CORREA MEJIA 27/03/2024 2 158.24 B261v 49657 22/01/2025 22/01/2025 Ej.1 27/03/2024 Libros      
    Clasificación Decimal Dewey     BIBLIOTECA PÚBLICA MUNICIPAL RAMON CORREA MEJIA BIBLIOTECA PÚBLICA MUNICIPAL RAMON CORREA MEJIA 26/03/2026   158 B261v 63643 07/04/2026   Ej. 2 07/04/2026 Libros General Colección general Donación

Powered by Koha